| 000 | 00826cad a22002055a 4500 | ||
|---|---|---|---|
| 001 | L149315 | ||
| 008 | 090720s2009 xxk 000 0 eng u | ||
| 035 | _a(Sirsi) u149317 | ||
| 041 | 0 | _aeng | |
| 100 | 1 | _aMcCollum, Chris | |
| 245 | 0 | 2 |
_aA new lease of life _bconservation of two mausolea _h[electronic resource] |
| 260 | _c2010 | ||
| 490 | 4 |
_aRICS Building Conservation Journal _vMarch/April 2010, (3) |
|
| 520 | _aReview of the conservation survey and subsequent work on three mausolea in Belfast, Northern Ireland. | ||
| 590 | _aKA | ||
| 651 | 4 |
_aNorthern Ireland _y2007- |
|
| 690 | _aBUILT ENVIRONMENT-BUILDING TYPES-ANCIENT MONUMENTS AND HISTORIC BUILDINGS | ||
| 856 | 4 | 1 |
_uhttps://www.rics.org/site/download_feed.aspx?fileID=5880&fileExtension=PDF _zView this item (member-only access) at www.rics.org |
| 942 | _n0 | ||
| 999 |
_c82130 _d82130 |
||